000 00810nab a2200241 u 4500
001 13531
003 HDC
007 cr bn ---aaaaa
008 210213c xx dr|noo 0 a may d
040 _aHDC
245 0 _aRISDA cadang buka lapan lagi RisMart di seluruh negara
260 _a[No place] :
_b[publisher not identified],
_c[no date]
336 _atext
_2rdacontent
337 _acomputer
_2rdamedia
338 _aonline resource
_2rdacarrier
650 _aHalal food industry
_zMalaysia
_9218
650 _aSmall business
_9208
710 _aUtusan Malaysia
856 _zRequest full-text at [email protected]
942 _2lcc
942 _cNEWS
942 _kNWSO 001792
999 _c10847
_d10847